01459 a2200193 45000010006000000050017000060080041000230030015000640400040000790800040001192450028001592500012001872640038001993000019002375050930002561000021011867000020012077000038012274804620260407155746.0260407a1976 arg spa dAR-UNSa-BCEJYS aAR-UNSa-BCEJYSbspacAR-UNSa-BCEJYS a338.5.01xTeorías de los precios 10aTeoría de los Precios a2a. ed. 1aMadrid :bAlianza Editorialc1976 a431 p.c24 cm. a1. Introducción - 2. La teoría de la demanda - 3. Los efectos sobre el "bienestar" provocados por los impuestos - 4. El análisis de la incertidumbre basado en la utilidad - 5. Las relaciones entre curvas de oferta y curvas de costes - 6. La ley de las proporciones variables y las curvas de costes de una empresa - 7. La demanda derivada - 8. La teoría de la distribución con proporciones fijas - 9. La teoría de la productividad marginal y la demanda de factores de producción - 10. El análisis de la productividad marginal: algunas cuestiones generales - 11. La oferta de factores de producción - 12. Desempleo y determinación del salario - 13. Los salarios en las diferentes ocupaciones - 14. Relación entre la distribución funcional y la distribución personal - 15. La distribución de las rentas según su magnitud - 16. El beneficio - 17. La teoría del capital y el tipo de interés - 1 aFriedman, Milton1 aVergara, José1 aSan Román, José Vergara L. de